الغلاف الجوي والطقس والمناخ / (Record no. 16011)
[ view plain ]
| 000 -الفاتح | |
|---|---|
| حقل البيانات ثابتة الطول | 01781nam a22003377i 4500 |
| 003 - محدد رقم الضبط | |
| رقم الضبط | EG-ScBUE |
| 005 - وقت وتاريخ اخر تعامل مع التسجيلة | |
| رقم الضبط | 20260401105719.0 |
| 008 - عناصر البيانات ثابتة الطول - معلومات عامة | |
| حقل البيانات ثابتة الطول | 110913s1993 xxxa frbd 00|00 ara dd |
| 040 ## - مصدر الفهرسة | |
| وكالة الفهرسة الأصلية | EG-ScBUE |
| لغة الفهرسة | ara |
| قواعد الوصف | rda |
| وكالة النسخ | EG-ScBUE |
| وكالة التعديل | EG-ScBUE |
| 041 1# - رمز اللغة | |
| رمز لغة النص/ المسارات الصوتية أو العنوان الانفرادي | ara |
| رمز لغة الترجمات و/او الاصلية المتوسطة للنص | eng |
| 082 04 - رقم تصنيف ديوى العشرى | |
| رقم التصنيف | 551.51 |
| رقم المادة | ب ي ر |
| رقم الطبعة | 22 |
| 100 1# - المدخل الرئيسى - إسم شخصى | |
| الإسم الشخصى | بيري، ص. ز.، |
| الدور | مؤلف. |
| 240 10 - العنوان الموحد | |
| عنوان موحد | Atmosphere, weather, and climate. |
| لغة العمل | English |
| 245 12 - بيان العنوان | |
| العنوان | الغلاف الجوي والطقس والمناخ / |
| بيان المسئوليه,etc | تأليف ص. ز. بيري، ص. ي. شورلي ؛ ترجمة أ. د. عبد القادر عبد العزيز علي، أستاذ الجغرافيا الطبيعية والخرائط، ووكيل كلية الآداب (جامعة طنطا) ؛ مراجعة أ. د. يوسف عبد المجيد فايد، أستاذة الجغرافية الطبيعية (بجامعة القاهرة) |
| 264 #1 - النشر، التوزيع | |
| مكان الناشر او الموزع | [مكان النشر غير محدد] : |
| اسم الناشر او الموزع | المجلس الأعلى للثقافة، |
| تاريخ النشر أو التوزيع | [1993] |
| 300 ## - الوصف المادى | |
| التعداد | 571 صفحة : |
| تفاصيل ماديه اخرى للوعاء | إيضاحيات ؛ |
| أبعاد الوعاء | 30 سم |
| 336 ## - نوع المحتوى | |
| source | rdacontent |
| Carrier Type Term | نص |
| Content Type Code | txt |
| 337 ## - نوع الوسيط | |
| Media Type Term | بدون وسيط |
| source | rdamedia |
| Media Type Code | n |
| 338 ## - نوع الحامل أو الناقل | |
| Carrier Type Term | مجلد |
| Carrier Type Code | nc |
| source | rdacarrier |
| 500 ## - تبصرة عامة | |
| تبصرة عامة | يشتمل على معجم. |
| 504 ## - تبصرة ببليوجرافية | |
| تبصرة ببليوجرافية,الخ | يشتمل على إرجاعات ببليوجرافية. |
| 546 ## - تبصرة اللغة | |
| تبصرة اللغة | النص باللغة الإنجليزية ؛ وقد تم ترجمته إلى العربية. |
| 650 #7 - المدخل الاضافى بالموضوع-مصطلح موضوعى | |
| 9 (RLIN) | 21319 |
| مصطلح موضوعي أو اسم جغرافي كعنصر مدخل | الغلاف الجوي. |
| مصدر الرأس أو المصطلح | BUEsh |
| 650 #7 - المدخل الاضافى بالموضوع-مصطلح موضوعى | |
| 9 (RLIN) | 21318 |
| مصطلح موضوعي أو اسم جغرافي كعنصر مدخل | الأوزون. |
| مصدر الرأس أو المصطلح | BUEsh |
| 650 #7 - المدخل الاضافى بالموضوع-مصطلح موضوعى | |
| 9 (RLIN) | 27152 |
| مصطلح موضوعي أو اسم جغرافي كعنصر مدخل | الظواهر الجوية |
| التقسيم الفرعي العام | علم. |
| مصدر الرأس أو المصطلح | BUEsh |
| 655 ## - مصطلح تكشيفى-نوع/شكل | |
| التقسيم الفرعي الشكلي | Reading book |
| 700 1# - المدخل الاضافى - اسم شخصى | |
| الإسم الشخصى | شورلي، ص. ي.، |
| الدور | مؤلف. |
| 700 1# - المدخل الاضافى - اسم شخصى | |
| الإسم الشخصى | فايد، يوسف عبد المجيد، |
| الدور | مراجع. |
| 700 1# - المدخل الاضافى - اسم شخصى | |
| الإسم الشخصى | علي، عبد القادر عبد العزيز، |
| الدور | مترجم. |
| 942 ## - عناصر المدخل الإضافي( كوها) | |
| مصدر التصنيف او مخطط الترفيف | Dewey Decimal Classification |
| Koha [default] item type | Book - Borrowing |
| حالة التراجع | حالة الفقد | مصدر التصنيف او خطة الترفيف | حالة تلف | ليس للاعارة | مجموعات كوها | المكان الدائم | المكان الحالي | موقع الترفيف | تاريخ الاكتساب | Source of acquisition | رقم الاستدعاء | الباركود | Date last seen | نوع الوعاء |
|---|---|---|---|---|---|---|---|---|---|---|---|---|---|---|
| Dewey Decimal Classification | Alef-Baa | Central Library | Central Library | First floor | 13/09/2011 | 551.51 ب ي ر | 000024703 | 15/07/2025 | Book - Borrowing |